Normal view
MARC view
- Kattan, Peter I.
Entry Personal Name
001 - CONTROL NUMBER
- control field: 8728
003 - CONTROL NUMBER IDENTIFIER
- control field: NUST
005 - DATE AND TIME OF LATEST TRANSACTION
- control field: 20180118123227.0
008 - FIXED-LENGTH DATA ELEMENTS
- fixed length control field: 180118|| aca||aabn | a|a d
040 ## - CATALOGING SOURCE
- Original cataloging agency: NUST
- Transcribing agency: NUST
100 ## - HEADING--PERSONAL NAME
- Personal name: Kattan, Peter I.
670 ## - SOURCE DATA FOUND
- Source citation: Work cat.: (NUST)29814: Kattan, Peter I., Matlab guide to finite elements :, 2007.
